Just random questions - Statistics

General Stats
  • This quiz has been taken 40 times
  • The average score is 7 of 15
Answer Stats
Question Answer % Correct
Whats NOT a type of tree Lichen
82%
Largest ocean Pacific
73%
Most popular cereal Cheerios
64%
Which doesn't belong Green
61%
Which doesn't belong Israel
61%
Rarest bear Panda
61%
Which of these actor was not in friends Vanessa Kirby
58%
Year of Independence for Finland 1917
55%
Whats the time difference between Bali and London 8 hours
48%
in what country are Bahts the currency Thailand
45%
How old is Yoda (about) 900 years old
39%
Smallest countries in the world(by population) Vatican city not included. Nauru
27%
Which is NOT a fruit Zucchini
27%
Which country has the most colorful flag Belize
24%
Which country has most islands Sweden
9%
No matching quizzes found
Score Distribution
Percent of People with Each Score
Percentile by Number Answered
Your Score History
You have not taken this quiz